| 000 | 00377 a2200145 4500 | ||
|---|---|---|---|
| 001 | 171285 | ||
| 020 | _a | ||
| 040 | _cMagnum | ||
| 100 | _aSantana, Mirian | ||
| 240 | 1 | 0 |
_aTelevisao crianca - um relacionamento controlado pela sociedade _lpor |
| 245 | 1 | 0 | _aTelevisao crianca - um relacionamento controlado pela sociedade |
| 362 | 0 | _a1899 | |
| 697 | _aENSINO | ||
| 942 | _cBK | ||
| 999 |
_c171285 _d171285 |
||